000 01970nam a22001577a 4500
999 _c522162
_d522162
008 230313b ||||| |||| 00| 0 eng d
100 _aLi, Xiao
_938912
245 _aMigration behaviors and educational attainment of metro and non-metro youth
260 _aRural Sociology
300 _a87(4), Dec, 2022: p.1302-1339
520 _aWhile research has consistently demonstrated a positive relationship between migration from rural areas and educational attainment, it is unclear whether migration is the driver of educational attainment or merely a mediator. The “rural brain drain” perspective suggests that young people leave rural areas if they have greater academic potential than their peers. A “migration gain” perspective implies that people, regardless of prior achievements, may move to invest in human capital, thereby gaining more education than those who do not move. This article uses data from the National Longitudinal Study of Youth 97 to test these competing predictions with multilevel/mixed-effects models. Consistent with previous research, the study found that youth attained the least education if they stayed in non-metro areas. By contrast, they gained more education if they moved not just from but also to non-metro areas, consistent with the “migration gain” hypothesis. Academic performance alone did not explain the association between education and migration, contradicting the “rural brain drain” theory. However, academic performance and college enrollment, which are also influenced by available educational opportunities, together explain the association between migration and education significantly, suggesting that the educational outcomes of migrants are influenced by a combination of individual and institutional characteristics.- Reproduced
650 _aMigration behaviors, Educational attainment, Metro youth, Non-metro youth
_938913
773 _aRural Sociology
906 _aMIGRATION
942 _cAR